[Event "Gonfreville l'Orcher II-Sautron"]
[Site "Gonfreville l'Orcher"]
[Date "2007.11.25"]
[Round "3.5"]
[White "Mandon, Fabrice"]
[Black "Sorin, Baptiste"]
[Result "1/2-1/2"]
[WhiteElo "2188"]
[BlackElo "2143"]
[PlyCount "107"]
[EventDate "2007.11.25"]
[SourceDate "2007.10.25"]

1. e4 c5 2. Nf3 d6 3. d4 cxd4 4. Nxd4 Nf6 5. Nc3 Nc6 6. Bg5 e6 7. Qd2 a6 8.
O-O-O h6 9. Bh4 Nxe4 10. Bxd8 Nxd2 11. Nxc6 bxc6 12. Bc7 Nxf1 13. Bxd6 Nxh2 14.
Rxh2 Bxd6 15. Rxd6 Bd7 16. Rh4 Ke7 17. Rhd4 Be8 18. Na4 h5 19. c4 h4 20. c5 Rh5
21. Kd2 Rg5 22. Rxh4 Rxg2 23. Rb4 Ra7 24. Ke3 Rg5 25. Rb8 Rxc5 26. Rxe6+ Kxe6
27. Nxc5+ Kd6 28. Kd4 Bd7 29. b4 a5 30. a4 g6 31. Rb7 Rxb7 32. Nxb7+ Kc7 33.
Nxa5 c5+ 34. Kxc5 Bxa4 35. b5 g5 36. b6+ Kd7 37. Nc4 f6 38. Nd6 Bc2 39. Ne8 Kc8
40. Nxf6 Kb7 41. Ne8 Bd1 42. Nd6+ Kb8 43. Nf7 g4 44. Ne5 Kb7 45. Nc4 Bf3 46.
Na5+ Kc8 47. Kd6 Bg2 48. Ke5 Bf3 49. Kf4 Kb8 50. Kf5 Kc8 51. Ke6 Bh1 52. Kd6
Bg2 53. Kc5 Bf3 54. Nc4 1/2-1/2

[Event "Gonfreville l'Orcher II-Sautron"]
[Site "Gonfreville l'Orcher"]
[Date "2007.11.25"]
[Round "3.6"]
[White "Gallant, Aurelien"]
[Black "Charmeteau, Sven"]
[Result "0-1"]
[WhiteElo "1898"]
[BlackElo "2168"]
[PlyCount "68"]
[EventDate "2007.11.25"]
[SourceDate "2007.10.25"]

1. e4 c5 2. Nf3 Nc6 3. d4 cxd4 4. Nxd4 Qb6 5. Nb5 a6 6. N5a3 Qb4+ 7. Nd2 Nf6 8.
c3 Qa5 9. Ndc4 Qc7 10. f3 b5 11. Ne3 e6 12. Nac2 Bd6 13. g3 h5 14. Qe2 h4 15.
g4 Bb7 16. a4 Ne5 17. axb5 Nxf3+ 18. Kd1 axb5 19. Rxa8+ Bxa8 20. Bg2 Ne5 21.
Nd4 h3 22. Bf3 Nxf3 23. Nxf3 Bxe4 24. g5 Qb7 25. Rf1 Nd5 26. Ng4 Nf4 27. Bxf4
Bxf4 28. Nd4 Bxg5 29. Nf2 Bg2 30. Rg1 Rh4 31. Nxb5 Qd5+ 32. Ke1 Qc5 33. Nd4
Rxd4 34. cxd4 Qa5+ 0-1

[Event "Gonfreville l'Orcher II-Sautron"]
[Site "Gonfreville l'Orcher"]
[Date "2007.11.25"]
[Round "3.7"]
[White "Theon, Pierre"]
[Black "Lebreton, Flavien"]
[Result "1-0"]
[WhiteElo "2121"]
[BlackElo "1898"]
[PlyCount "49"]
[EventDate "2007.11.25"]
[SourceDate "2007.10.25"]

1. e4 c5 2. Nf3 d6 3. d4 cxd4 4. Nxd4 Nf6 5. Nc3 a6 6. Bg5 e6 7. f4 Nbd7 8. Qf3
Qc7 9. O-O-O b5 10. Bd3 Bb7 11. Rhe1 Qb6 12. Nb3 b4 13. Ne2 a5 14. Nd2 Nc5 15.
Bxf6 gxf6 16. Nc4 Qc7 17. Kb1 f5 18. Ng3 Rc8 19. Ne3 fxe4 20. Nxe4 Nxe4 21.
Bxe4 Bxe4 22. Qxe4 Qc6 23. Nd5 Kd8 24. Qd4 exd5 25. Qf6+ 1-0

[Event "Gonfreville l'Orcher II-Sautron"]
[Site "Gonfreville l'Orcher"]
[Date "2007.11.25"]
[Round "3.8"]
[White "Desnoes, Anne Laure"]
[Black "Ferry, Justine"]
[Result "0-1"]
[WhiteElo "1487"]
[BlackElo "1883"]
[PlyCount "72"]
[EventDate "2007.11.25"]
[SourceDate "2007.10.25"]

1. e4 c5 2. Nf3 e6 3. d4 cxd4 4. Nxd4 a6 5. Nc3 b5 6. a3 Bb7 7. b4 Qc7 8. Bb2
d6 9. Bd3 Nd7 10. Qd2 Qb6 11. Nce2 Ngf6 12. Ng3 Rc8 13. Rc1 Ne5 14. O-O Be7 15.
Qe2 Nc4 16. c3 O-O 17. Rfe1 Nd7 18. Nf1 Nde5 19. Red1 Bg5 20. Rb1 Rc7 21. g3
Bf6 22. Rdc1 Nxd3 23. Qxd3 Nxb2 24. Rxb2 Bxd4 25. Rd2 Be5 26. Ne3 Qc6 27. f3
Rd8 28. Ng4 Rcd7 29. Rcd1 Qxc3 30. Nxe5 Qxe5 31. Re1 d5 32. f4 Qc7 33. Rc2 Qb6+
34. Kf1 dxe4 35. Qe2 Qd4 36. Rcc1 g6 0-1

[Event "Quimper-Cergy Pontoise"]
[Site "Gien"]
[Date "2007.11.25"]
[Round "3.1"]
[White "Bleunven, Andre"]
[Black "Bernard, Christophe"]
[Result "1/2-1/2"]
[WhiteElo "2271"]
[BlackElo "2367"]
[PlyCount "90"]
[EventDate "2007.11.25"]
[SourceDate "2007.10.25"]

1. d4 Nf6 2. Nf3 g6 3. c4 Bg7 4. Nc3 d5 5. e3 O-O 6. Qb3 dxc4 7. Bxc4 Nc6 8.
Be2 b6 9. O-O Bb7 10. Rd1 Qe8 11. Qa3 e5 12. d5 e4 13. dxc6 exf3 14. cxb7 fxe2
15. Nxe2 Rd8 16. Bd2 a5 17. Be1 Qe4 18. Rxd8 Rxd8 19. Rd1 Re8 20. Bc3 Qxb7 21.
Qa4 Qc8 22. Qc6 Rd8 23. Rc1 Rd6 24. Qc4 Qd7 25. Ng3 c5 26. h3 Rd1+ 27. Rxd1
Qxd1+ 28. Kh2 Qd6 29. Qb5 h5 30. f4 Qe6 31. Qd3 h4 32. Ne2 Nd5 33. Bxg7 Kxg7
34. e4 Nb4 35. Qc3+ Kh7 36. a3 Qxe4 37. axb4 Qxe2 38. bxa5 bxa5 39. Qxc5 Qe1
40. Qg5 Kg7 41. b3 f6 42. Qg4 f5 43. Qf3 Kh6 44. Qa8 Qg3+ 45. Kg1 Qe1+ 1/2-1/2

[Event "Quimper-Cergy Pontoise"]
[Site "Gien"]
[Date "2007.11.25"]
[Round "3.2"]
[White "Marcantoni, Herve"]
[Black "Jolly, Jean Francois"]
[Result "1-0"]
[WhiteElo "2206"]
[BlackElo "2304"]
[PlyCount "69"]
[EventDate "2007.11.25"]
[SourceDate "2007.10.25"]

1. e4 c5 2. Nf3 d6 3. d4 cxd4 4. Nxd4 Nf6 5. Nc3 a6 6. Qf3 g6 7. h3 Bg7 8. Be3
O-O 9. O-O-O Bd7 10. g4 Nc6 11. Qe2 Rc8 12. f4 Nb4 13. a3 Rxc3 14. axb4 Rc8 15.
Bg2 Qc7 16. Kb1 a5 17. b5 a4 18. b6 Qb8 19. Bf2 a3 20. e5 dxe5 21. fxe5 Ne8 22.
Rhe1 axb2 23. Qe4 Qa8 24. Kxb2 Qa5 25. Rd3 Nd6 26. exd6 Rxc2+ 27. Kxc2 Qa2+ 28.
Kd1 Ba4+ 29. Nb3 Rc8 30. Ree3 Rc2 31. Ke1 Bc3+ 32. Kf1 Rxf2+ 33. Kg1 Bc6 34.
Rd5 Bd4 35. Nxd4 1-0

[Event "Quimper-Cergy Pontoise"]
[Site "Gien"]
[Date "2007.11.25"]
[Round "3.3"]
[White "Entem, Alan"]
[Black "Cathelineau, Didier"]
[Result "1/2-1/2"]
[WhiteElo "2168"]
[BlackElo "2186"]
[PlyCount "83"]
[EventDate "2007.11.25"]
[SourceDate "2007.10.25"]

1. e4 c5 2. Nf3 d6 3. d4 cxd4 4. Nxd4 Nf6 5. Nc3 a6 6. Be3 e6 7. f3 Qc7 8. Qd2
Be7 9. g4 h6 10. O-O-O Nbd7 11. Bd3 Ne5 12. h4 Nfd7 13. Kb1 Nc5 14. Qe2 Bd7 15.
f4 Nexd3 16. cxd3 b5 17. Nc2 Qb7 18. Rdf1 b4 19. Nd1 b3 20. axb3 Qxb3 21. Bxc5
dxc5 22. Rf3 Bb5 23. Na1 Qb4 24. Nc2 Qa5 25. f5 Rd8 26. fxe6 fxe6 27. Nc3 Rf8
28. Rg3 Qc7 29. e5 Qd7 30. Rhh3 Qb7 31. g5 Rb8 32. Ne1 hxg5 33. hxg5 Bc6 34.
Rh2 Qb3 35. Kc1 a5 36. Ne4 Qa2 37. Nc3 Qb3 38. Ne4 Bxe4 39. Qxe4 Qa2 40. Nc2
Rxb2 41. Qa8+ Kd7 42. Qa7+ 1/2-1/2

[Event "Quimper-Cergy Pontoise"]
[Site "Gien"]
[Date "2007.11.25"]
[Round "3.4"]
[White "Yacob, Francois"]
[Black "Cadiou, Jacques"]
[Result "1-0"]
[WhiteElo "2160"]
[BlackElo "1974"]
[PlyCount "79"]
[EventDate "2007.11.25"]
[SourceDate "2007.10.25"]

1. e4 e5 2. Nf3 Nc6 3. Bb5 a6 4. Ba4 d6 5. O-O Bd7 6. c3 Nge7 7. d4 Ng6 8. Re1
Be7 9. Nbd2 h6 10. Nf1 Bg5 11. Ne3 Bxe3 12. Bxe3 O-O 13. Qd2 Re8 14. Bc2 Bg4
15. Bd1 Qf6 16. d5 Nb8 17. c4 b6 18. b4 Nd7 19. Rc1 a5 20. c5 axb4 21. cxb6
cxb6 22. Rc6 Nc5 23. Rxb6 Rec8 24. Rxb4 Nf4 25. Bxf4 Qxf4 26. Rb6 Qxd2 27. Nxd2
Bxd1 28. Rxd1 Rxa2 29. f3 Na4 30. Rc6 Rb8 31. Nc4 Rb3 32. Rxd6 Rc3 33. Rc6 Rcc2
34. Ne3 Re2 35. d6 Rxe3 36. d7 Ree2 37. d8=Q+ Kh7 38. Qh4 Rxg2+ 39. Kh1 Nb2 40.
Rdd6 1-0

[Event "Quimper-Cergy Pontoise"]
[Site "Gien"]
[Date "2007.11.25"]
[Round "3.5"]
[White "Bodenez, Claire"]
[Black "Jaulin, Marc"]
[Result "1-0"]
[WhiteElo "2034"]
[BlackElo "2155"]
[PlyCount "67"]
[EventDate "2007.11.25"]
[SourceDate "2007.10.25"]

1. e4 c5 2. Nf3 d6 3. d4 Nf6 4. Nc3 cxd4 5. Nxd4 g6 6. Be2 Bg7 7. O-O O-O 8.
Be3 Nc6 9. Nb3 Be6 10. f4 Rc8 11. h3 Na5 12. Nd2 a6 13. g4 d5 14. exd5 Nxd5 15.
Nxd5 Bxd5 16. c3 b5 17. a4 Bc4 18. axb5 axb5 19. Nxc4 Nxc4 20. Bxc4 bxc4 21.
Qe2 e5 22. f5 Qh4 23. Kg2 Rfd8 24. fxg6 hxg6 25. Ra7 Rf8 26. Rd7 f5 27. gxf5
Qe4+ 28. Rf3 Rxf5 29. Rxg7+ Kh8 30. Rxg6 Rd8 31. Rgg3 Rd3 32. Kf2 Rh5 33. Rf8+
Kh7 34. Qxh5# 1-0

[Event "Quimper-Cergy Pontoise"]
[Site "Gien"]
[Date "2007.11.25"]
[Round "3.6"]
[White "Hameau, Cyril"]
[Black "Baudon, Andrew"]
[Result "1-0"]
[WhiteElo "2073"]
[BlackElo "1935"]
[PlyCount "61"]
[EventDate "2007.11.25"]
[SourceDate "2007.10.25"]

1. d4 Nf6 2. Bg5 e6 3. Nd2 Be7 4. e4 d5 5. e5 Nfd7 6. Be3 c5 7. c3 Nc6 8. Ngf3
a6 9. Be2 c4 10. O-O b5 11. Ne1 Bb7 12. f4 g6 13. g4 Qc7 14. Bf2 O-O-O 15. Bg3
Qb6 16. Rb1 Rhf8 17. b3 Qa5 18. Qc2 f5 19. Bf3 Ndb8 20. Ng2 Qc7 21. Ne3 Na5 22.
bxc4 dxc4 23. Bxb7+ Nxb7 24. a4 Qc6 25. axb5 axb5 26. Qb2 b4 27. Nexc4 bxc3 28.
Qxc3 Rxd4 29. Rxb7 Rxd2 30. Rxb8+ Kxb8 31. Qb3+ 1-0

[Event "Quimper-Cergy Pontoise"]
[Site "Gien"]
[Date "2007.11.25"]
[Round "3.7"]
[White "Brient, Yoann"]
[Black "Ricroque, Jean Pierre"]
[Result "0-1"]
[WhiteElo "1859"]
[BlackElo "1975"]
[PlyCount "54"]
[EventDate "2007.11.25"]
[SourceDate "2007.10.25"]

1. d4 Nf6 2. c4 e6 3. Nf3 d5 4. e3 c6 5. Bd3 Nbd7 6. O-O dxc4 7. Bxc4 b5 8. Bd3
a6 9. e4 c5 10. d5 c4 11. dxe6 fxe6 12. Bc2 Bb7 13. Ng5 Nc5 14. Qe2 e5 15. f4
h6 16. Nf7 Kxf7 17. fxe5 Qd4+ 18. Be3 Qxe5 19. Rf5 Qxb2 20. e5 Be4 21. Rxf6+
gxf6 22. Qh5+ Ke6 23. Qg4+ f5 24. Qg6+ Kd7 25. Bxe4 fxe4 26. Qf7+ Be7 27. Bxc5
Qc1+ 0-1

[Event "Quimper-Cergy Pontoise"]
[Site "Gien"]
[Date "2007.11.25"]
[Round "3.8"]
[White "Oberlin, Cecile"]
[Black "Le Du, Michel"]
[Result "0-1"]
[WhiteElo "1640"]
[BlackElo "1949"]
[PlyCount "80"]
[EventDate "2007.11.25"]
[SourceDate "2007.10.25"]

1. e4 g6 2. Nf3 d6 3. Bc4 Nf6 4. Nc3 Bg7 5. O-O O-O 6. d4 Nxe4 7. Bxf7+ Rxf7 8.
Nxe4 h6 9. Ne1 d5 10. Ng3 Nc6 11. c3 e5 12. dxe5 Nxe5 13. Be3 b6 14. Rb1 Ba6
15. Ne2 c5 16. f4 Ng4 17. Rf3 Re7 18. Qd2 d4 19. cxd4 Bxe2 20. Qxe2 Rxe3 21.
Rxe3 Nxe3 22. dxc5 bxc5 23. Nf3 Nf5 24. Qe6+ Kh8 25. g4 Nd4 26. Nxd4 Qxd4+ 27.
Kg2 Qxf4 28. Rf1 Qe5 29. Qd7 Qxb2+ 30. Rf2 Qd4 31. Qb7 Qxg4+ 32. Kh1 Rd8 33.
Rf1 Rd7 34. Qc6 Bd4 35. a3 Re7 36. a4 Qe2 37. Rb1 Rf7 38. h3 Rf1+ 39. Rxf1
Qxf1+ 40. Kh2 Be5# 0-1

[Event "Rennes Paul Bert-Bois Colombes II"]
[Site "Gien"]
[Date "2007.11.25"]
[Round "3.1"]
[White "Monroy, Charles"]
[Black "Toma, Michal"]
[Result "1-0"]
[WhiteElo "2368"]
[BlackElo "2216"]
[PlyCount "105"]
[EventDate "2007.11.25"]
[SourceDate "2007.10.25"]

1. Nf3 d5 2. d4 Nf6 3. c4 c6 4. Qc2 g6 5. Bf4 Bf5 6. Qc1 h6 7. g3 Nbd7 8. Bg2
Bg7 9. O-O g5 10. Bd2 Ne4 11. Be3 e6 12. Nc3 Qa5 13. Nd2 Nxd2 14. Bxd2 dxc4 15.
Ne4 Qc7 16. Qxc4 O-O-O 17. e3 Nb6 18. Qe2 e5 19. dxe5 Bxe5 20. Bc3 Bxc3 21.
bxc3 Rhe8 22. f3 Qe5 23. Rac1 Be6 24. c4 f5 25. c5 fxe4 26. cxb6 axb6 27. fxe4
b5 28. Qe1 Bc4 29. Rf5 Qb2 30. Rf2 Qa3 31. Rf6 Rd3 32. Rxh6 Rxe3 33. Qd2 Re2
34. Qxg5 Qa7+ 35. Kh1 Qf2 36. Rg1 Rf8 37. Qe5 Qxg1+ 38. Kxg1 Re1+ 39. Bf1 Bxf1
40. Qe6+ Kb8 41. Qd6+ Ka7 42. Qxf8 Bh3+ 43. Kf2 Rf1+ 44. Ke3 Rxf8 45. Rxh3 Kb6
46. g4 Ra8 47. Kf4 Rxa2 48. g5 Rg2 49. Rg3 Rxg3 50. hxg3 b4 51. Ke3 Kc7 52. g6
b3 53. Kd2 1-0

[Event "Rennes Paul Bert-Bois Colombes II"]
[Site "Gien"]
[Date "2007.11.25"]
[Round "3.2"]
[White "Frih, Ameur"]
[Black "Demanghon, Jonathan"]
[Result "1/2-1/2"]
[WhiteElo "2115"]
[BlackElo "2214"]
[PlyCount "108"]
[EventDate "2007.11.25"]
[SourceDate "2007.10.25"]

1. d4 d5 2. c4 c6 3. Nc3 Nf6 4. Bg5 dxc4 5. a4 Qa5 6. Bd2 e6 7. e3 Bb4 8. Bxc4
O-O 9. Nf3 Rd8 10. O-O c5 11. Qe2 Nc6 12. dxc5 h6 13. Rfd1 e5 14. Nb5 Bg4 15.
Bxb4 Qxb4 16. Rxd8+ Rxd8 17. Qc2 Bxf3 18. gxf3 Rd2 19. Qc3 Qxc3 20. bxc3 Nd7
21. Nd6 Nxc5 22. Ne4 Nxe4 23. fxe4 Rc2 24. Rd1 Rxc3 25. Bb5 a6 26. Bxc6 Rxc6
27. Rd8+ Kh7 28. Rd7 Rc4 29. a5 f6 30. Rxb7 Ra4 31. Kg2 Rxa5 32. f4 Ra3 33.
fxe5 fxe5 34. Re7 Rxe3 35. Rxe5 Re2+ 36. Kg3 a5 37. Rxa5 Rxe4 38. h4 Kg6 39.
h5+ Kf6 40. Ra6+ Re6 41. Ra5 Re5 42. Ra6+ Kf5 43. Ra7 Kf6 44. Ra6+ Re6 45. Ra5
Re1 46. Ra6+ Kg5 47. Ra5+ Kf6 48. Ra6+ Kf5 49. Ra5+ Re5 50. Ra7 Re3+ 51. Kf2
Rh3 52. Rf7+ Ke6 53. Rxg7 Rxh5 54. Ra7 Rf5+ 1/2-1/2

[Event "Rennes Paul Bert-Bois Colombes II"]
[Site "Gien"]
[Date "2007.11.25"]
[Round "3.3"]
[White "Le Montagner, Yoann"]
[Black "Debeaune, Robin"]
[Result "0-1"]
[WhiteElo "2030"]
[BlackElo "2208"]
[PlyCount "40"]
[EventDate "2007.11.25"]
[SourceDate "2007.10.25"]

1. e4 c5 2. Nf3 Nc6 3. d4 cxd4 4. Nxd4 Nf6 5. Nc3 g6 6. Be2 Bg7 7. Be3 O-O 8.
O-O d5 9. exd5 Nb4 10. Bf3 Nbxd5 11. Nxd5 Nxd5 12. Bg5 h6 13. Bh4 Nb6 14. c3 g5
15. Bg3 e5 16. Nb3 Qxd1 17. Bxd1 Nc4 18. Re1 Nxb2 19. Bxe5 Re8 20. Re2 Rxe5 0-1

[Event "Rennes Paul Bert-Bois Colombes II"]
[Site "Gien"]
[Date "2007.11.25"]
[Round "3.4"]
[White "Choisy, Mathilde"]
[Black "Jegourel, Cyrille"]
[Result "1-0"]
[WhiteElo "2100"]
[BlackElo "2054"]
[PlyCount "58"]
[EventDate "2007.11.25"]
[SourceDate "2007.10.25"]

1. e4 e6 2. b3 c5 3. Nf3 Nc6 4. Bb2 d6 5. d4 cxd4 6. Nxd4 Nf6 7. Nxc6 bxc6 8.
Bd3 e5 9. O-O Be7 10. c4 O-O 11. Nc3 Re8 12. Rc1 Bf8 13. Qd2 Nh5 14. Rfd1 Nf4
15. Ne2 Qh4 16. Nxf4 exf4 17. g3 fxg3 18. hxg3 Qh5 19. Re1 Bg4 20. Bf1 Re6 21.
Bg2 Rae8 22. Qf4 Bh3 23. Bf3 Qc5 24. Rcd1 Bf5 25. Bd4 Qa5 26. b4 Qxb4 27. Qxf5
Qxc4 28. Qa5 d5 29. Re2 Bb4 1-0

[Event "Rennes Paul Bert-Bois Colombes II"]
[Site "Gien"]
[Date "2007.11.25"]
[Round "3.5"]
[White "Bleuzen, Erwan"]
[Black "Bernard, Vincent"]
[Result "0-1"]
[WhiteElo "2038"]
[BlackElo "2186"]
[PlyCount "156"]
[EventDate "2007.11.25"]
[SourceDate "2007.10.25"]

1. d4 d5 2. c4 dxc4 3. e4 Nc6 4. Nf3 Bg4 5. Bxc4 e6 6. Bb5 Nge7 7. O-O Bxf3 8.
Qxf3 Qxd4 9. Nc3 a6 10. Ba4 b5 11. Rd1 Qb6 12. Be3 Qb7 13. Bb3 Na5 14. Bc5 Ng6
15. Bxf8 Nxf8 16. Qg4 Nxb3 17. axb3 Ng6 18. Rd4 c5 19. Rd6 O-O 20. Rad1 Qc7 21.
Qg5 h6 22. Qe3 c4 23. bxc4 Qxc4 24. Qd4 Qxd4 25. R1xd4 Ne5 26. Nd1 g5 27. f3
Rfc8 28. Kf2 Rc2+ 29. Rd2 Rac8 30. Ke1 Rxd2 31. Rxd2 Kf8 32. Ke2 Ke7 33. b3 Nc6
34. Ne3 Rd8 35. Rb2 a5 36. h3 h5 37. Ke1 Rd3 38. Nc2 Nd4 39. Nxd4 Rxd4 40. Rc2
Rb4 41. Rc3 h4 42. Kd2 a4 43. bxa4 Rxa4 44. Rc5 Ra2+ 45. Ke3 Rxg2 46. Rxb5 Kf6
47. Rb8 Rh2 48. Rg8 Rxh3 49. e5+ Kf5 50. Rg7 f6 51. exf6 Kxf6 52. Rg8 Rh1 53.
f4 gxf4+ 54. Kxf4 Rf1+ 55. Ke4 Re1+ 56. Kf4 Ra1 57. Rf8+ Ke7 58. Rh8 Ra4+ 59.
Ke5 Ra5+ 60. Kf4 Kf6 61. Rh6+ Kf7 62. Ke4 Rb5 63. Kf4 Ra5 64. Ke4 Ra1 65. Ke5
Re1+ 66. Kf4 Rh1 67. Rh5 h3 68. Kg3 Kg6 69. Re5 Kf6 70. Re2 e5 71. Kf3 Kf5 72.
Rf2 Ke6 73. Rd2 h2 74. Kg2 Rg1+ 75. Kxh2 Rg7 76. Rg2 Rxg2+ 77. Kxg2 Kd5 78. Kf3
Kd4 0-1

[Event "Rennes Paul Bert-Bois Colombes II"]
[Site "Gien"]
[Date "2007.11.25"]
[Round "3.6"]
[White "Stenel, Vincent"]
[Black "Rivet, Gilles"]
[Result "1/2-1/2"]
[WhiteElo "2133"]
[BlackElo "2105"]
[PlyCount "55"]
[EventDate "2007.11.25"]
[SourceDate "2007.10.25"]

1. e4 e5 2. Nf3 Nf6 3. Nxe5 d6 4. Nf3 Nxe4 5. d3 Nf6 6. d4 d5 7. Bd3 Bd6 8.
Qe2+ Qe7 9. Qxe7+ Bxe7 10. Bf4 c6 11. Nbd2 Bg4 12. O-O-O Nh5 13. Bg3 Bxf3 14.
Nxf3 Nd7 15. Rde1 Kf8 16. Re2 Nxg3 17. fxg3 g6 18. g4 Bd6 19. Rf1 Re8 20. Rxe8+
Kxe8 21. Ng5 Bxh2 22. Rxf7 Rf8 23. Rxf8+ Nxf8 24. Nxh7 g5 25. Nxf8 Kxf8 26. Bf5
Ke7 27. Kd2 Kd6 28. Kd3 1/2-1/2

[Event "Rennes Paul Bert-Bois Colombes II"]
[Site "Gien"]
[Date "2007.11.25"]
[Round "3.7"]
[White "Le Bail, Clara"]
[Black "L'Henoret, Thierry"]
[Result "1/2-1/2"]
[WhiteElo "2051"]
[BlackElo "2110"]
[PlyCount "126"]
[EventDate "2007.11.25"]
[SourceDate "2007.10.25"]

1. c4 Nf6 2. Nc3 e6 3. e3 d5 4. Nf3 c6 5. b3 Nbd7 6. Bb2 Bd6 7. Be2 O-O 8. O-O
a6 9. Qc2 e5 10. d3 Re8 11. Rfd1 Nf8 12. cxd5 cxd5 13. Rac1 Bd7 14. Nb1 Ng6 15.
Ba3 Rc8 16. Qb2 Qe7 17. Bxd6 Qxd6 18. Nbd2 Rxc1 19. Rxc1 Rc8 20. Rxc8+ Bxc8 21.
Qc3 Bd7 22. b4 Qc6 23. Qxc6 Bxc6 24. Nb3 Nd7 25. d4 e4 26. Nfd2 Ne7 27. Nc5
Nxc5 28. dxc5 Ba4 29. Nb1 Bd7 30. Nc3 Be6 31. a4 Kf8 32. b5 axb5 33. axb5 Ke8
34. Kf1 Kd7 35. Ke1 f6 36. Kd2 Bf7 37. Na4 Ke6 38. Kc3 Be8 39. Nb6 Ke5 40. Kb4
f5 41. f4+ exf3 42. Bxf3 g5 43. g3 h6 44. Na4 f4 45. exf4+ gxf4 46. gxf4+ Kxf4
47. Bg2 Ke3 48. Nc3 Kd4 49. Ne2+ Ke3 50. Nc3 Kd4 51. Nd1 Ng6 52. Nf2 Nf4 53.
Bf1 Ne6 54. Ng4 Nxc5 55. Nxh6 Nd3+ 56. Bxd3 Kxd3 57. Nf5 Ke2 58. Nd6 d4 59. Ne4
d3 60. Kc5 d2 61. Nxd2 Kxd2 62. Kb6 Ke3 63. Kxb7 Bxb5 1/2-1/2

[Event "Rennes Paul Bert-Bois Colombes II"]
[Site "Gien"]
[Date "2007.11.25"]
[Round "3.8"]
[White "Plane, Boris"]
[Black "Bleuzen, Cedric"]
[Result "0-1"]
[WhiteElo "2154"]
[BlackElo "2015"]
[PlyCount "68"]
[EventDate "2007.11.25"]
[SourceDate "2007.10.25"]

1. e4 e6 2. d3 c5 3. g3 Nc6 4. Bg2 Nf6 5. Nd2 d5 6. Ngf3 b6 7. O-O d4 8. e5 Nd5
9. Re1 Bb7 10. Ne4 Qc7 11. c4 dxc3 12. bxc3 O-O-O 13. d4 c4 14. Qa4 Na5 15. h4
h6 16. Nfd2 Kb8 17. Bf1 Bc6 18. Qc2 Bb7 19. Rb1 Ka8 20. Ra1 f5 21. exf6 gxf6
22. Nf3 Rg8 23. Ned2 Bd6 24. Ne4 Bf8 25. Bh3 f5 26. Ned2 Bd6 27. Ne5 Bxe5 28.
dxe5 Nf4 29. Kh2 Nxh3 30. Kxh3 Rd3 31. Nf1 Qc6 32. f3 Qxf3 33. Be3 f4 34. Qf2
Qg4+ 0-1

[Event "Echiquier Berry Sologne-Gif sur Yvette"]
[Site "Gien"]
[Date "2007.11.25"]
[Round "3.1"]
[White "Lalic, Bogdan"]
[Black "Seret, Jean Luc"]
[Result "1/2-1/2"]
[WhiteElo "2500"]
[BlackElo "2381"]
[PlyCount "41"]
[EventDate "2007.11.25"]
[SourceDate "2007.10.25"]

1. d4 d6 2. Nf3 g6 3. c4 Bg7 4. e4 Bg4 5. Be2 c6 6. Nc3 Bxf3 7. Bxf3 Qb6 8. d5
Qb4 9. Qb3 a5 10. Be2 Nf6 11. O-O Nbd7 12. Qc2 Nc5 13. Bd2 Qb6 14. Rab1 O-O 15.
b3 Rfc8 16. a3 Qd8 17. b4 axb4 18. axb4 Ncd7 19. dxc6 Rxc6 20. Rfd1 Rac8 21.
Nb5 1/2-1/2

[Event "Echiquier Berry Sologne-Gif sur Yvette"]
[Site "Gien"]
[Date "2007.11.25"]
[Round "3.2"]
[White "Dubois, Jean Marie"]
[Black "Cosma, Ioan"]
[Result "0-1"]
[WhiteElo "2272"]
[BlackElo "2467"]
[PlyCount "80"]
[EventDate "2007.11.25"]
[SourceDate "2007.10.25"]

1. e4 c5 2. d4 cxd4 3. c3 Nf6 4. e5 Nd5 5. Nf3 Nc6 6. cxd4 d6 7. Bc4 Nb6 8. Bb3
dxe5 9. d5 Na5 10. Nc3 Nxb3 11. Qxb3 e6 12. Nxe5 exd5 13. Be3 Bd6 14. Qb5+ Kf8
15. Nf3 Be6 16. O-O-O h6 17. Nd4 Kg8 18. Kb1 Qe8 19. Qd3 Nc4 20. Bc1 Ne5 21.
Qc2 Nc6 22. Nf5 Bf8 23. a3 g6 24. g4 Rd8 25. Rhg1 Rd7 26. f4 d4 27. Nb5 Qd8 28.
Qf2 Bb3 29. Rxd4 Nxd4 30. Nbxd4 Bd5 31. Ne3 Be4+ 32. Ndc2 Bc5 33. b4 Bb6 34.
Re1 Kh7 35. f5 Re8 36. fxg6+ Bxg6 37. Qf4 Qc7 38. Qxh6+ Kxh6 39. Nd5+ Kg7 40.
Bb2+ f6 0-1

[Event "Echiquier Berry Sologne-Gif sur Yvette"]
[Site "Gien"]
[Date "2007.11.25"]
[Round "3.3"]
[White "Webb, Laurence"]
[Black "Leitner, Walter"]
[Result "1-0"]
[WhiteElo "2289"]
[BlackElo "2120"]
[PlyCount "57"]
[EventDate "2007.11.25"]
[SourceDate "2007.10.25"]

1. e4 c6 2. d4 d5 3. e5 Bf5 4. Nf3 e6 5. Be2 c5 6. O-O Nc6 7. Be3 Qb6 8. Nc3
Qxb2 9. Nb5 O-O-O 10. dxc5 Qxc2 11. Qe1 Qa4 12. Nfd4 Bg6 13. Qc3 Nxd4 14. Bxd4
a6 15. Nd6+ Kb8 16. Rab1 Bxb1 17. Rxb1 Bxd6 18. cxd6 Rd7 19. Qc5 b5 20. Qb6+
Ka8 21. Rc1 Nh6 22. Rc7 Rxc7 23. dxc7 Qxd4 24. Qxd4 Kb7 25. a4 Rc8 26. axb5
axb5 27. Qc5 Rxc7 28. Qxb5+ Kc8 29. g4 1-0

[Event "Echiquier Berry Sologne-Gif sur Yvette"]
[Site "Gien"]
[Date "2007.11.25"]
[Round "3.4"]
[White "Seret, Jean Renaud"]
[Black "Chaumont, Adeline"]
[Result "1-0"]
[WhiteElo "2190"]
[BlackElo "2049"]
[PlyCount "93"]
[EventDate "2007.11.25"]
[SourceDate "2007.10.25"]

1. e4 c6 2. d4 d5 3. Nc3 dxe4 4. Nxe4 Bf5 5. Ng3 Bg6 6. h4 h6 7. Nf3 Nd7 8. h5
Bh7 9. Bd3 Bxd3 10. Qxd3 e6 11. Bf4 Qa5+ 12. Bd2 Qc7 13. O-O-O Ngf6 14. Ne4
Nxe4 15. Qxe4 Nf6 16. Qe2 O-O-O 17. Kb1 Bd6 18. Ne5 c5 19. Bf4 Nd5 20. Bg3 cxd4
21. Rxd4 Kb8 22. c4 Nf6 23. Rxd6 Rxd6 24. Nxf7 Qxf7 25. Bxd6+ Ka8 26. Ka1 Rc8
27. b3 Nd7 28. Ba3 Nf6 29. Bb2 Nd7 30. Rd1 Nc5 31. g4 a5 32. Qe3 b6 33. Rd6 Kb7
34. Bd4 Rc6 35. Bxc5 bxc5 36. Qe4 Qe8 37. Kb2 Kc7 38. Rxc6+ Qxc6 39. Qxc6+ Kxc6
40. Kc3 Kd6 41. Kd3 Ke5 42. Ke3 Kf6 43. Ke4 Kg5 44. f3 Kf6 45. f4 g5 46. fxg5+
Kxg5 47. Ke5 1-0

[Event "Echiquier Berry Sologne-Gif sur Yvette"]
[Site "Gien"]
[Date "2007.11.25"]
[Round "3.5"]
[White "Senderovic, Salko"]
[Black "Renault, Nicolas"]
[Result "1-0"]
[WhiteElo "2104"]
[BlackElo "2002"]
[PlyCount "87"]
[EventDate "2007.11.25"]
[SourceDate "2007.10.25"]

1. e4 c5 2. Nf3 e6 3. d4 cxd4 4. Nxd4 a6 5. Be2 Nf6 6. Bf3 Qc7 7. O-O Be7 8.
Nc3 O-O 9. Qe2 d6 10. Be3 Nbd7 11. g3 Ne5 12. Bg2 Nc4 13. Bc1 Bd7 14. b3 Na5
15. Bb2 Rac8 16. Rfc1 b5 17. Nd1 Qb6 18. Ne3 Nc6 19. Nxc6 Bxc6 20. Ng4 Nxg4 21.
Qxg4 g6 22. Qf4 e5 23. Qd2 f5 24. exf5 Bxg2 25. Kxg2 Rxf5 26. c4 Rcf8 27. Rf1
bxc4 28. bxc4 Qc6+ 29. Qd5+ Qxd5+ 30. cxd5 Rb8 31. Bc3 Rb5 32. Rad1 Bd8 33. f3
Bb6 34. Rb1 Rc5 35. Rxb6 Rxc3 36. Rxd6 Ra3 37. Rf2 Ra5 38. Re2 Ra3 39. Rf2 Ra5
40. Rd2 Ra3 41. Rc6 Rfxf3 42. d6 Rad3 43. Rb2 Rc3 44. Rc7 1-0

[Event "Echiquier Berry Sologne-Gif sur Yvette"]
[Site "Gien"]
[Date "2007.11.25"]
[Round "3.6"]
[White "Boonekamp, Maarten"]
[Black "Vasojevic, Marco"]
[Result "1-0"]
[WhiteElo "2032"]
[BlackElo "1971"]
[PlyCount "103"]
[EventDate "2007.11.25"]
[SourceDate "2007.10.25"]

1. e4 c5 2. Nf3 d6 3. Bb5+ Bd7 4. Bxd7+ Qxd7 5. O-O g6 6. c3 Bg7 7. d4 cxd4 8.
cxd4 Nc6 9. Nc3 e6 10. Be3 Nge7 11. Qd2 O-O 12. d5 Nd8 13. dxe6 fxe6 14. Bd4
Nf7 15. Bxg7 Kxg7 16. Qd4+ e5 17. Qd3 a6 18. Rfd1 Qe6 19. Nd2 Rac8 20. Nf1 Rc4
21. Ne3 Rd4 22. Qe2 Rc8 23. Ned5 Nc6 24. Rxd4 Nxd4 25. Qd3 Qg4 26. f3 Qg5 27.
Rd1 Ne6 28. Qd2 Qxd2 29. Rxd2 Nd4 30. Kf2 b5 31. Ne2 Nxe2 32. Kxe2 Kf8 33. Nb4
a5 34. Rc2 Rxc2+ 35. Nxc2 Ke7 36. Na3 b4 37. Nc4 a4 38. Nb6 Nd8 39. Nd5+ Kd7
40. Nxb4 Ne6 41. Nd5 Kc6 42. Kd3 Kc5 43. Kc3 g5 44. b4+ axb3 45. axb3 Nf4 46.
Nxf4 exf4 47. b4+ Kc6 48. Kc4 h5 49. b5+ Kb6 50. Kd5 g4 51. Kxd6 h4 52. h3 1-0